Wszystkie Państwa Słowiańskie - Statystyki

Ogólne statystyki
  • Ten quiz został rozwiązany 413 razy
    373 od ostatniego zresetowania
  • Średni wynik to 12 z 13
Statystyki odpowiedzi
Słowianie Kraj % Poprawnych
Zachodni Czechy
98%
Zachodni Polska
98%
Zachodni Słowacja
98%
Wschodni Rosja
96%
Wschodni Ukraina
96%
Wschodni Białoruś
95%
Południowi Słowenia
95%
Południowi Serbia
91%
Południowi Chorwacja
90%
Południowi Bośnia
85%
Południowi Czarnogóra
80%
Południowi Macedonia północna
80%
Południowi Bułgaria
78%
Nie znaleziono quizów pasujących do podanych kryteriów
Rozkład punktacji
Procent ludzi z każdym wynikiem
Percentyl według liczby udzielonych odpowiedzi
Twoja historia wyników
Nie rozwiązałeś tego quizu od ostatniego zresetowania